| 000 | 00000nam 2200000zi 4500 |
| 001 | 9.927671 |
| 003 | CaOODSP |
| 005 | 20240212160300 |
| 006 | m o d f |
| 007 | cr ||||||||||| |
| 008 | 230921t20232023onc ob f00| 0 eng d |
| 020 | |a9780660680415 |
| 040 | |aCaOODSP|beng|erda|cCaOODSP |
| 043 | |an-cn--- |
| 086 | 1 |aCR22-126/2024E-PDF |
| 245 | 00|aWhat we heard : |ba report from the three federal research funding agencies' ad hoc working group on Indigenous citizenship and membership. |
| 264 | 1|a[Ottawa] : |bGovernment of Canada = Gouvernement du Canada, |c[2023] |
| 264 | 4|c©2023 |
| 300 | |a1 online resource (26 pages) |
| 336 | |atext|btxt|2rdacontent |
| 337 | |acomputer|bc|2rdamedia |
| 338 | |aonline resource|bcr|2rdacarrier |
| 500 | |aIssued also in French under title: Ce que nous avons entendu : rapport du groupe de travail ad hoc des trois organismes fédéraux de financement de la recherche sur la citoyenneté et l'appartenance autochtones. |
| 504 | |aIncludes bibliographical references (pages 24-25). |
| 520 | |a"This report focuses on a series of engagements held by the three federal research funding agencies on Indigenous citizenship and membership affirmation throughout spring and summer 2023. As a commitment under Setting new directions to support Indigenous research and research training in Canada 2019-2022, a strategic plan devoted to identifying how better to support Indigenous research and research training in Canada, engagement focused on identifying a path forward with respect to Indigenous citizenship and membership affirmation on the part of the agencies: the Canadian Institutes of Health Research (CIHR), the Natural Sciences and Engineering Research Council (NSERC) and the Social Sciences and Humanities Research Council (SSHRC)"--page 4. |
| 650 | 0|aIndigenous peoples|xResearch|zCanada. |
| 650 | 0|aInterdisciplinary research|xGovernment policy|zCanada. |
| 650 | 0|aFederal aid to research|zCanada. |
| 710 | 2 |aSocial Sciences and Humanities Research Council of Canada, |eissuing body. |
| 710 | 2 |aCanadian Institutes of Health Research, |eissuing body. |
| 710 | 2 |aNatural Sciences and Engineering Research Council of Canada, |eissuing body. |
| 775 | 08|tCe que nous avons entendu : |w(CaOODSP)9.927673 |
| 856 | 40|qPDF|s3.53 MB|uhttps://publications.gc.ca/collections/collection_2024/crsh-sshrc/CR22-126-2024-eng.pdf |
| 856 | 4 |qHTML|sN/A|uhttps://www.canada.ca/en/research-coordinating-committee/news/2024/01/what-we-heard.html |